Ideas fundamentales sobre la teoría de la información, del lenguaje y de la cibernética

Uloženo v:
Podrobná bibliografie
Hlavní autor: Singh, Jagjit (Autor)
Médium: Kniha
Jazyk:španělština
Vydáno: Madrid Alianza 1982
Vydání:4a. ed
Edice:Alianza Universidad
Témata:
Tagy: Přidat tag
Žádné tagy, Buďte první, kdo vytvoří štítek k tomuto záznamu!

MARC

LEADER 00000nam a2200000 a 4500
001 UCQ5458
003 CL-VaPUC
008 980925e19820000SP |||||||||||||||||spa|d
082 0 4 |a 003.5  |b SIN  |2 21 
100 0 |a Singh, Jagjit  |e author  |9 419552 
245 1 0 |a Ideas fundamentales sobre la teoría de la información, del lenguaje y de la cibernética 
250 |a 4a. ed 
300 |a 354 p 
942 |c BK 
945 |d 19980925 00:00:00  |a lriquelm 
260 |a Madrid  |b Alianza  |c 1982 
650 0 |a Teoría de la información  |9 260744 
650 0 |a Cibernética  |9 270269 
650 0 |a Computadores  |9 258188 
583 |a last modification  |c 19980925 00:00:00  |k Rodrigo Vera 
490 0 |a Alianza Universidad 
999 |c 275669  |d 275667 
952 |0 0  |1 0  |4 0  |6 003_500000000000000_SIN_1982  |7 0  |8 A  |9 312468  |a FDOPOS  |b FDOPOS  |d 2019-11-20  |i 1471317  |o 003.5 SIN 1982  |p 1471317  |r 2025-01-22  |w 2019-11-20  |y BK  |k MLA